Religion and public doctrine in modern England. Volume III, Accommodations (Record no. 605546)

MARC details
000 -LEADER
fixed length control field 00743nam a22001577a 4500
008 - FIXED-LENGTH DATA ELEMENTS--GENERAL INFORMATION
fixed length control field 251227b |||||||| |||| 00| 0 eng d
020 ## - INTERNATIONAL STANDARD BOOK NUMBER
ISBN 9780521611893
Paper back/Hardbound pbk
041 ## - LANGUAGE CODE
Language code of text/sound track or separate title eng
082 ## - DEWEY DECIMAL CLASSIFICATION NUMBER
Classification number 230.04474
Item number COW
100 ## - MAIN ENTRY--AUTHOR NAME
Personal name Cowling ,Maurice
245 ## - TITLE STATEMENT
Title Religion and public doctrine in modern England. Volume III, Accommodations
Statement of responsibility, etc /Maurice Cowling
504 ## - BIBLIOGRAPHY, ETC. NOTE
Bibliography, etc Includes index
520 ## - SUMMARY, ETC.
Summary, etc The concluding volume of Maurice Cowling's magisterial sequence examines three related strands of thought - latitudinarianism, the Christian thought which has assumed that latitudinarianism gives away too much, and the post-Christian thought which has assumed that Christianity is irrelevant or anachronistic.<br/>
942 ## - ADDED ENTRY ELEMENTS (KOHA)
Koha item type English Books
Holdings
Withdrawn status Lost status Damaged status Not for loan Home library Current library Shelving location Date acquired Full call number Accession Number Price effective from Koha item type
        Anna Centenary Library Anna Centenary Library 3RD FLOOR, B WING 27.12.2025 230.04474 COW 231747 27.12.2025 Reference

Find us on the map